LEADER 01154nam a2200301 a 4500 001 000000129517 003 CaOOAMICUS 005 20120705095447.0 008 120705s2012 it u000 u ita u 020 $a978-88-244-3312-9 040 $aPUL$bita 082 04$a340 100 1 $aDel Giudice, Federico.$0(OLS)http://pul/name/40811 245 10$aCompendio di diritto pubblico /$cFederico Del Giudice. 250 $a11. ed. 260 $aNapoli :$bEdizioni Giuridiche Simone,$c2012. 300 $a384 p. ;$c21 cm. 500 $aSulla cop.: 11/2. 500 $aInclude indice. 650 4$aDiritto pubblico$zItalia.$0(OLS)http://pul/subject/5771 850 $aPUL 852 $aPUL$W1$xDP2 Diritto e Scienze Sociali 3$y110$m340 COLL 3.11.2$j150009$qDDC 21$B148530$CPULBib$Z2$F148530 $H120258 $82 941 1 $a9 996 $6020$a978-88-244-3312-9$9(OLS)http://pul/number/150162 996 $6082$a340$9(OLS)http://pul/classification/419 996 $6245$aCompendio di diritto pubblico$9(OLS)http://pul/title/163690 996 $6260$aNapoli :$bEdizioni Giuridiche Simone$9(OLS)http://pul/publisher/69730 LEADER 02473nam a2200493 u 4500 001 000000048446 003 CaOOAMICUS 005 20070226115011.0 008 000505m1993 fr u000 u fre u 020 $a2204063657 (v.3) 020 $a2204053643 (v.2) 020 $a2204046841 (v.1) 035 $a10846854 040 $aPUL$bita$dPUL 100 1 $aLelièvre, André.$0(OLS)http://pul/name/25631 245 10$aCommentaire des proverbes /$cAndré Lelièvre, Alphonse Maillot. 260 $aParis :$bCerf,$c<1993-2000>. 300 $a ;$c23 cm 490 1 $aLectio divina.$aCommentaires ;$v1, 4, 8 500 $aContiene indici. 504 $aBibliografia in nota. 505 1 $av.1 Les proverbes de Salomon, chapitres 10-18 -- v.2 Chapitres 19-31 -- v.3 Chapitres 1-9 505 1 $aLes Proverbes de Salomon chapitres 10-18. 630 04$aBiblia.$pV.T.$pProverbia.$0(OLS)http://pul/subject/20447 630 04$aBiblia.$pV.T.$pProverbia$xCommenti.$0(OLS)http://pul/subject/634 700 1 $aMaillot, Alphonse.$0(OLS)http://pul/name/25630 830 0$aLectio divina.$pCommentaires ;$v1, 4, 8.$0(OLS)http://pul/title/39067 850 $aPUL 852 $aPUL$W1$xSL Religione 1$y3$m9 L 1,4,8$j64552$nBK-PRI$b $qStampati$B64552$CPULBib$Z2$F64552 $H $81 852 $aPUL$W1$xSL Religione 1$y3$m9 L 1,4,8$j64552$nBK-PRI$b $qStampati$B64553$CPULBib$Z2$F64553 $H $81 852 $aPUL$W1$xSL Religione 1$y3$m9 L 1,4,8$j64552$nBK-PRI$b $qStampati$B64554$CPULBib$Z2$F64554 $H $81 852 $aPUL$W1$xDP1 Fondo Ciprotti$y59$m1534 C 36$j64555$nBK-PRI$b $qFondi$B64555$CPULBib$Z2$F64555 $H $81 852 $aPUL$W1$xDP1 Fondo Gelio$y54$m4 A 29/1$j64556$nBK-PRI$b $qFondi$B64556$CPULBib$Z2$F64556 $HPUL0294 $81 941 1 $a8 941 1 $a1 961 $aINV: 1(82772);2:(82773);3:(81578) 961 $aINV: 1(82772);2:(82773);3:(81578) 961 $aINV: 1(82772);2:(82773);3:(81578) 961 $aINV: 0532. Fondo Ciprotti 996 $6020$a2204063657 (v.3)$9(OLS)http://pul/number/60906 996 $6020$a2204053643 (v.2)$9(OLS)http://pul/number/60907 996 $6020$a2204046841 (v.1)$9(OLS)http://pul/number/60908 996 $6245$aCommentaire des proverbes$9(OLS)http://pul/title/65242 996 $6260$aParis :$bCerf$9(OLS)http://pul/publisher/48238